[Event "AUTO-ADV-2015"]
[Site "http://www.queenalice.com/game.php?id=876354"]
[Date "2010.12.25"]
[Round "1"]
[White "JAYMAC10"]
[Black "SallesAndre"]
[Result "0-1"]
[WhiteElo "1804"]
[BlackElo "2030"]

1. e4 e5 2. c3 Nf6 3. Bd3 Nc6 4. Nf3 Bc5 5. O-O O-O 6. Bb5 Nxe4 7. Bxc6 dxc6 8.
d4 exd4 9. cxd4 Bb6 10. Qd3 Bf5 11. Qe3 Re8 12. Nc3 Nxc3 13. Qxc3 Be4 14. Bg5
Qd5 15. Bh4 Bxf3 16. Qxf3 Qxf3 17. gxf3 Bxd4 18. Rad1 Bxb2 19. Kh1 h5 20. Rg1 g6
21. Rb1 Re2 22. Rgd1 b5 23. Rd7 Be5 24. Re7 Kf8 25. Kg1 Bxh2+ 26. Kxh2 Rxe7 27.
Bxe7+ Kxe7 28. Re1+ Kf6 29. Kg3 Rd8 30. Rc1 Rd6 31. f4 a5 32. Kf3 b4 33. Ke4 a4
34. Rc4 b3 35. Rxa4 bxa2 36. Rxa2 Re6+ 37. Kf3 c5 38. Ra7 Rc6 39. Ke4 c4 40. Kd5
Rd6+ 41. Kxc4 Rd2 42. Rxc7 Rc2+ 0-1

[Event "AUTO-ADV-2015"]
[Site "http://www.queenalice.com/game.php?id=876355"]
[Date "2010.12.25"]
[Round "1"]
[White "SallesAndre"]
[Black "JAYMAC10"]
[Result "1-0"]
[WhiteElo "1854"]
[BlackElo "1844"]

1. e4 e5 2. Bc4 Nf6 3. Nf3 d5 4. exd5 Nxd5 5. Qe2 f6 6. d4 c6 7. dxe5 Nf4 8. Qf1
fxe5 9. Bxf4 exf4 10. Qe2+ Be7 11. Ng5 Qa5+ 12. Nc3 Qxg5 13. Ne4 Qxg2 14. O-O-O
Bg4 15. Nd6+ Kf8 16. Qe5 Bxd1 17. Qf5+ Bf6 18. Qc8+ Ke7 19. Nf5# 1-0

[Event "AUTO-OPEN-2207"]
[Site "http://www.queenalice.com/game.php?id=876497"]
[Date "2010.12.25"]
[Round "1"]
[White "Paulsains"]
[Black "JAYMAC10"]
[Result "0-1"]
[WhiteElo "1876"]
[BlackElo "1829"]

1. e4 e5 2. Nf3 f6 3. Bc4 Ne7 4. d3 d5 5. exd5 Nxd5 6. O-O Nc6 7. Bd2 Bg4 8. h3
Bf5 9. Nc3 Nxc3 10. Bxc3 Qe7 11. Re1 O-O-O 12. Qb1 e4 13. dxe4 Bxe4 14. Nd2 f5
15. Nxe4 fxe4 16. a3 Nd4 17. Bb4 c5 18. Bc3 Nf3+ 19. gxf3 Qg5+ 20. Kf1 exf3 21.
Be6+ Kb8 22. Bg4 Qh4 23. Be5+ Bd6 24. c4 h5 25. Bf5 Qg5 26. Re3 Qg2+ 27. Ke1
Qg1+ 28. Kd2 Bxe5+ 29. Rd3 Qxf2+ 30. Kd1 Qe2+ 31. Kc1 Bf4+ 0-1

[Event "AUTO-OPEN-2207"]
[Site "http://www.queenalice.com/game.php?id=876498"]
[Date "2010.12.25"]
[Round "1"]
[White "JAYMAC10"]
[Black "Paulsains"]
[Result "0-1"]
[WhiteElo "1841"]
[BlackElo "1870"]

1. d4 Nf6 2. g3 g6 3. Bg2 Bg7 4. Nf3 O-O 5. O-O d6 6. d5 b6 7. Nc3 Bb7 8. a4
Nbd7 9. a5 bxa5 10. Rxa5 c6 11. Ra4 cxd5 12. Rh4 Qb6 13. Na4 Qc7 14. Bh6 Bxh6
15. Rxh6 Ng4 16. Rh4 Ndf6 17. h3 Ne5 18. Nxe5 dxe5 19. Qd2 e4 20. g4 Qe5 21. Nc5
Bc8 22. f3 e3 23. Qb4 Qg5 24. Qe1 d4 25. Ne4 Nxe4 26. fxe4 Rb8 27. b3 Be6 28.
Qg3 Rbc8 29. Rc1 Bxb3 30. e5 Rxc2 31. Rb1 Bc4 32. Bf3 Bxe2 33. Bxe2 Rxe2 34. Ra1
Rb8 35. Qf3 Rf2 36. Qe4 Qxh4 0-1

[Event "AUTO-OPEN-2207"]
[Site "http://www.queenalice.com/game.php?id=876533"]
[Date "2010.12.25"]
[Round "1"]
[White "JAYMAC10"]
[Black "FERREIRA16"]
[Result "0-1"]
[WhiteElo "1847"]
[BlackElo "2097"]

1. d4 Nf6 2. g3 g6 3. Bg2 Bg7 4. Nf3 O-O 5. O-O d6 6. c4 Nbd7 7. Nc3 e5 8. d5
Nc5 9. Bg5 h6 10. b4 hxg5 11. bxc5 g4 12. Ng5 dxc5 13. f3 gxf3 14. Nxf3 Nh5 15.
Ne4 b6 16. a4 Nf6 17. Nh4 Nxe4 18. Bxe4 Bh3 19. Bg2 Bxg2 20. Kxg2 Bf6 21. Qd2
Bxh4 22. gxh4 Qxh4 23. Qc3 Qg4+ 24. Kh1 Qe4+ 25. Kg1 Qxe2 26. Rae1 Qg4+ 27. Kh1
Qd4 28. Qb3 Rae8 29. Rd1 Qe4+ 30. Kg1 Kg7 31. Rf3 Rh8 32. Rh3 Rxh3 33. Qxh3 Qxc4
34. Qd7 Rd8 35. Qxd8 Qg4+ 36. Kf2 Qxd1 37. Qxc7 Qxd5 38. Qxa7 Qd4+ 39. Kg2 c4
40. Qc7 c3 41. h4 Qe4+ 42. Kh3 c2 43. Qc3 Qf5+ 44. Kg3 Qf4+ 45. Kg2 c1=Q 0-1

[Event "AUTO-OPEN-2207"]
[Site "http://www.queenalice.com/game.php?id=876534"]
[Date "2010.12.25"]
[Round "1"]
[White "FERREIRA16"]
[Black "JAYMAC10"]
[Result "1-0"]
[WhiteElo "2006"]
[BlackElo "1813"]

1. e4 e5 2. Nf3 Nc6 3. Bb5 Nge7 4. O-O a6 5. Ba4 d5 6. exd5 Qxd5 7. Nc3 Qd6 8.
Re1 Bd7 9. Ne4 Qb4 10. c3 Qc4 11. Bb3 Qb5 12. Nfg5 Be6 13. Bxe6 fxe6 14. Nxe6
Rc8 15. a4 Qb6 16. d4 Na5 17. N6c5 g6 18. Bg5 Nd5 19. b4 Nc4 20. a5 Qb5 21. Nf6+
Nxf6 22. Bxf6 Rg8 23. Bxe5 Nxe5 24. Rxe5+ Be7 25. Qg4 Rd8 26. Rxe7+ Kxe7 27.
Qe6+ Kf8 28. Qf6+ 1-0

[Event "AUTO-OPEN-2256"]
[Site "http://www.queenalice.com/game.php?id=896936"]
[Date "2011.2.6"]
[Round "1"]
[White "ReiNato"]
[Black "JAYMAC10"]
[Result "0-1"]
[WhiteElo "1865"]
[BlackElo "1774"]

1. e4 e5 2. Nf3 Nc6 3. Bc4 Nf6 4. O-O Bc5 5. c3 Nxe4 6. d4 exd4 7. Nxd4 Nxd4 8.
cxd4 Bb6 9. Qe2 d5 10. Bd3 Bf5 11. Nc3 O-O 12. Nxe4 dxe4 13. Bc4 Bxd4 14. Be3
Bxe3 15. fxe3 Qg5 16. Rxf5 Qxf5 17. Rf1 Qg6 18. a4 Rae8 19. b4 Re5 20. g3 Rf5
21. Rxf5 Qxf5 22. b5 h5 23. a5 g6 24. Qa2 Qf3 25. Qe2 Qf6 26. b6 cxb6 27. axb6
axb6 28. Bd5 Qe7 29. Qc4 Re8 30. Qd4 Qe5 31. Qxe5 Rxe5 32. Bxb7 b5 33. Ba6 b4
34. Kf2 b3 35. Bc4 b2 36. Ba2 Ra5 37. Bb1 Ra1 38. Bxe4 Ra2 39. Kf3 Ra1 40. h3
Rf1+ 41. Kg2 b1=Q 42. Bxb1 Rxb1 43. Kf3 Rb4 44. e4 Kg7 45. h4 f5 46. exf5 gxf5
47. Ke3 Kf6 48. Kf3 Ke5 49. Ke3 f4+ 50. gxf4+ Rxf4 51. Kd3 Rxh4 52. Ke3 Rf4 53.
Ke2 h4 54. Ke3 h3 55. Ke2 h2 56. Ke3 h1=Q 57. Ke2 Ke4 58. Kd2 Rf3 59. Kc2 Qg2+
60. Kd1 Rf1# 0-1

[Event "AUTO-OPEN-2256"]
[Site "http://www.queenalice.com/game.php?id=896937"]
[Date "2011.2.6"]
[Round "1"]
[White "JAYMAC10"]
[Black "ReiNato"]
[Result "1-0"]
[WhiteElo "1828"]
[BlackElo "1756"]

1. e4 e5 2. Nf3 d6 3. g3 Nf6 4. Nc3 Be7 5. Bg2 O-O 6. O-O Be6 7. d4 Bg4 8. dxe5
dxe5 9. h3 Qxd1 10. Rxd1 Bxf3 11. Bxf3 Bc5 12. Bg5 c6 13. Bxf6 gxf6 14. h4 Na6
15. Rd7 b5 16. a3 Bb6 17. Bh5 Rac8 18. Rad1 Bd4 19. Bg4 Bxc3 20. bxc3 Ra8 21.
Re7 Nc5 22. Rc7 Nxe4 23. Rdd7 c5 24. Bh5 Nxc3 25. Bxf7+ Rxf7 26. Rxf7 c4 27.
Rg7+ Kf8 28. Rxh7 Kg8 29. h5 a5 30. Rcg7+ Kf8 31. h6 Ne2+ 32. Kg2 b4 33. Rh8#
1-0

[Event "AUTO-OPEN-2256"]
[Site "http://www.queenalice.com/game.php?id=896964"]
[Date "2011.2.6"]
[Round "1"]
[White "JAYMAC10"]
[Black "FabianoSales"]
[Result "0-1"]
[WhiteElo "1776"]
[BlackElo "2179"]

1. e4 c5 2. Nf3 d6 3. Bc4 Nf6 4. Nc3 h6 5. O-O b6 6. Nd5 e6 7. Nxf6+ Qxf6 8. Qe2
Nc6 9. Bb5 Bb7 10. e5 Qd8 11. d4 a6 12. Bxc6+ Bxc6 13. exd6 Qxd6 14. Ne5 cxd4
15. Nxc6 Qxc6 16. Qe5 Qxc2 17. Qxd4 Qc5 18. Be3 Qxd4 19. Bxd4 b5 20. Rac1 Be7
21. Bxg7 Rh7 22. Bd4 Bg5 23. Be3 Bxe3 24. fxe3 f5 25. Rc6 Re7 26. Rf4 Kd7 27.
Rc3 Rg7 28. Rh4 Rg6 29. Rd4+ Ke7 30. Rc7+ Kf6 31. Rf4 Rd8 32. h3 Rg3 33. Kf2
Rdg8 34. e4 Rxg2+ 35. Ke3 R8g3+ 36. Rf3 Rxf3+ 37. Kxf3 Rxb2 38. exf5 Kxf5 39.
Rc5+ e5 40. Rc6 Rxa2 41. Rxh6 Ra3+ 42. Kg2 a5 43. Rh5+ Ke6 44. h4 b4 45. Rh6+
Kd5 46. h5 b3 47. Rb6 Ra2+ 48. Kg3 Kc4 49. h6 Ra1 50. Kg2 Rd1 51. h7 Rd8 52. Rg6
Rh8 53. Rg7 a4 0-1

[Event "AUTO-OPEN-2256"]
[Site "http://www.queenalice.com/game.php?id=896965"]
[Date "2011.2.6"]
[Round "1"]
[White "FabianoSales"]
[Black "JAYMAC10"]
[Result "1-0"]
[WhiteElo "2178"]
[BlackElo "1778"]

1. d4 d5 2. c4 c6 3. e3 e6 4. a3 dxc4 5. Bxc4 g6 6. Nf3 Bh6 7. e4 Bxc1 8. Qxc1
h5 9. O-O Nd7 10. Rd1 b5 11. Be2 Bb7 12. Nc3 Qb6 13. b4 a5 14. Qf4 f5 15. Ng5
axb4 16. axb4 Rxa1 17. Rxa1 Qxd4 18. Rd1 Qxc3 19. Qd6 Bc8 20. Qxe6+ Kd8 21. Nf7+
Kc7 22. Qd6+ Kb6 23. Nxh8 Qc2 24. Qd4+ Kb7 25. Nf7 Qxe2 26. Ra1 Nb6 27. Nd8+ Kc7
28. Ra7+ Bb7 29. Rxb7+ Kc8 30. g3 Qe1+ 31. Kg2 Qxe4+ 32. Qxe4 fxe4 33. Rxb6 Kxd8
34. Rb8+ Kd7 35. Rxg8 Kd6 36. Rxg6+ Kd5 37. Rg5+ Kc4 38. Rxh5 Kxb4 39. g4 c5 40.
g5 c4 41. Rh4 c3 42. Rxe4+ Kb3 43. g6 c2 44. Re1 Kb2 45. g7 c1=Q 46. Rxc1 Kxc1
47. g8=Q 1-0

[Event "AUTO-OPEN-2256"]
[Site "http://www.queenalice.com/game.php?id=896966"]
[Date "2011.2.6"]
[Round "1"]
[White "JAYMAC10"]
[Black "minusel"]
[Result "0-1"]
[WhiteElo "1813"]
[BlackElo "1999"]

1. d4 c6 2. e4 d5 3. Nc3 dxe4 4. Nxe4 Bf5 5. f3 Nd7 6. Bf4 Ngf6 7. Qd3 e6 8.
O-O-O Be7 9. g4 Nxe4 10. fxe4 Bxg4 11. Be2 Bxe2 12. Nxe2 Qa5 13. a3 O-O-O 14.
Rhg1 Rhg8 15. d5 e5 16. Bg3 cxd5 17. exd5 Bd6 18. Nc3 f6 19. Nb5 Bc5 20. Be1 Qb6
21. Rg4 a6 22. Nc3 Bd4 23. Na4 Qd6 24. Qc4+ Kb8 25. Bb4 Qc7 26. Qxc7+ Kxc7 27.
c3 Be3+ 28. Kc2 Bf4 0-1

[Event "AUTO-OPEN-2256"]
[Site "http://www.queenalice.com/game.php?id=896967"]
[Date "2011.2.6"]
[Round "1"]
[White "minusel"]
[Black "JAYMAC10"]
[Result "1-0"]
[WhiteElo "2020"]
[BlackElo "1785"]

1. e4 e5 2. Nf3 Nc6 3. Bb5 Nd4 4. Nxd4 exd4 5. O-O Qg5 6. Ba4 b5 7. d3 Qh4 8.
Bxb5 Rb8 9. Bc4 Rb6 10. f4 Rh6 11. h3 d5 12. Bxd5 Bxh3 13. e5 Rg6 14. Qe2 Nh6
15. Qf2 Rxg2+ 16. Bxg2 Qxf2+ 17. Kxf2 Bg4 18. Be4 Be7 19. Bc6+ Kd8 20. Nd2 Bh4+
21. Kg1 Nf5 22. Nf3 Bh3 23. Nxh4 Bxf1 24. Nxf5 Bh3 25. Nxd4 h5 26. Kh2 Bg4 27.
Kg3 f6 28. exf6 gxf6 29. Bd2 f5 30. Kh4 Ke7 31. Bb4+ Kf6 32. Re1 Rb8 33. Be7+
Kf7 34. Bd5+ Kg7 35. Ne6+ Kg6 36. Nf8+ Kg7 37. Kg5 Rxf8 38. Bxf8+ Kxf8 39. Be6
Kg7 40. Bxf5 Bxf5 41. Kxf5 1-0

[Event "AUTO-ADV-2064"]
[Site "http://www.queenalice.com/game.php?id=897355"]
[Date "2011.2.7"]
[Round "1"]
[White "JAYMAC10"]
[Black "johndavidtelker"]
[Result "0-1"]
[WhiteElo "1862"]
[BlackElo "1809"]

1. e4 c6 2. d4 d5 3. Nc3 dxe4 4. Nxe4 b5 5. Qf3 Nd7 6. Ng5 Ngf6 7. Qxc6 Rb8 8.
Bxb5 h6 9. Ne4 Nxe4 10. Bf4 Nd6 11. Bxd6 exd6 12. O-O-O Be7 13. Rd3 O-O 14. Bc4
Bb7 15. Qa4 Bxg2 16. Bb5 Nb6 17. Qxa7 Bxh1 18. Ne2 Ra8 19. Qxa8 Bxa8 0-1

[Event "AUTO-ADV-2064"]
[Site "http://www.queenalice.com/game.php?id=897356"]
[Date "2011.2.7"]
[Round "1"]
[White "johndavidtelker"]
[Black "JAYMAC10"]
[Result "0-1"]
[WhiteElo "1811"]
[BlackElo "1829"]

1. e4 e5 2. Nf3 d6 3. Bc4 Nf6 4. Ng5 Be6 5. Bxe6 fxe6 6. Nxe6 Qe7 7. Ng5 h6 8.
Nf3 Nxe4 9. Qe2 Ng5 10. O-O Nd7 11. Re1 O-O-O 12. c3 Re8 13. Nxg5 hxg5 14. d3
Nf6 15. Bxg5 g6 16. Nd2 Bh6 17. Bxf6 Qxf6 18. Nf3 Rh7 19. b3 g5 20. g3 g4 21.
Nh4 Bg5 22. Qxg4+ Kd8 23. Nf5 Bd2 24. Re2 Bxc3 25. Rc1 Ba5 26. a3 Reh8 27. f3
Bb6+ 28. Kh1 Rh5 29. Nh4 Rg5 30. Qe4 c6 31. Rcc2 Bd4 32. Kg2 d5 0-1

[Event "AUTO-ADV-2064"]
[Site "http://www.queenalice.com/game.php?id=897357"]
[Date "2011.2.7"]
[Round "1"]
[White "JAYMAC10"]
[Black "afonso092"]
[Result "0-1"]
[WhiteElo "1797"]
[BlackElo "2107"]

1. e4 e5 2. Nf3 d6 3. g3 Nf6 4. Bd3 Be7 5. O-O Bh3 6. Re1 h6 7. Nc3 Nc6 8. Nd5
Bg4 9. Nxf6+ Bxf6 10. Bb5 Qd7 11. a4 a6 12. Bxc6 Qxc6 13. Qe2 Qxc2 14. Qe3 O-O
15. d3 Qc6 16. Nd2 Bg5 17. f4 exf4 18. gxf4 Bh4 19. Rf1 Rae8 20. f5 Bg5 21. Qg3
Qc5+ 22. Kh1 Bh5 23. Nb3 Qe5 24. Qxe5 Rxe5 25. Bxg5 hxg5 26. Nd4 c5 27. Nf3
Bxf3+ 28. Rxf3 f6 29. a5 Rc8 30. Rc1 Re7 31. b4 Rec7 32. bxc5 Rxc5 33. Ra1 Rb5
34. Kg2 Rcc5 35. d4 Rxa5 36. dxc5 Rxa1 37. cxd6 Rd1 38. e5 fxe5 39. f6 Rxd6 40.
fxg7 Kxg7 41. Rf5 Kg6 42. Rxe5 b5 43. Kg3 Rb6 44. Kg4 b4 45. Rxg5+ Kh7 46. Rd5
b3 47. Rd1 b2 48. Rb1 a5 0-1

[Event "AUTO-ADV-2064"]
[Site "http://www.queenalice.com/game.php?id=897358"]
[Date "2011.2.7"]
[Round "1"]
[White "afonso092"]
[Black "JAYMAC10"]
[Result "1-0"]
[WhiteElo "1866"]
[BlackElo "1844"]

1. e4 e5 2. Bc4 Nf6 3. d3 d5 4. exd5 Nxd5 5. h3 Bc5 6. Nf3 Nc6 7. a3 O-O 8. O-O
h6 9. b4 Be7 10. Bb2 Nf4 11. Nxe5 Nxe5 12. Bxe5 Ng6 13. Bb2 Bf6 14. Bxf6 Qxf6
15. Nd2 Qg5 16. Nf3 Bxh3 17. Nxg5 hxg5 18. gxh3 Nf4 19. Qg4 Rae8 20. Rae1 Rxe1
21. Rxe1 1-0

[Event "AUTO-ADV-2064"]
[Site "http://www.queenalice.com/game.php?id=897359"]
[Date "2011.2.7"]
[Round "1"]
[White "JAYMAC10"]
[Black "axelsun"]
[Result "0-1"]
[WhiteElo "1794"]
[BlackElo "2048"]

1. e4 c5 2. Nf3 e6 3. g3 Nc6 4. Bh3 d6 5. O-O Nf6 6. Re1 b5 7. e5 dxe5 8. c3 Bd6
9. d4 e4 10. Ne5 Nxe5 11. dxe5 Bxe5 12. Qxd8+ Kxd8 13. Bg5 h6 14. Bxf6+ Bxf6 15.
Rxe4 Bb7 16. Re2 Kc7 17. Na3 a6 18. Rd1 Bf3 19. Ree1 Bxd1 20. Rxd1 Rad8 21. Rc1
Rd2 22. f4 Rxb2 23. c4 Bd4+ 24. Kh1 Rxa2 25. Nc2 Bf6 26. cxb5 axb5 27. Ne3 Bd4
28. Nc2 Bf6 29. Ne3 Ra1 30. Rxa1 Bxa1 31. Nc2 Rd8 32. Bg4 Bc3 33. Na3 Kb6 34.
Bh5 g6 35. Be2 c4 36. Kg2 Rd2 37. Kf3 Ra2 38. Nb1 Bd4 39. h4 c3 40. Ke4 Rxe2+
41. Kxd4 c2 42. Nc3 Rd2+ 43. Ke3 c1=Q 0-1

[Event "AUTO-ADV-2064"]
[Site "http://www.queenalice.com/game.php?id=897360"]
[Date "2011.2.7"]
[Round "1"]
[White "axelsun"]
[Black "JAYMAC10"]
[Result "1-0"]
[WhiteElo "2071"]
[BlackElo "1788"]

1. Nf3 c6 2. d4 c5 3. c4 Nc6 4. Nc3 Nf6 5. e4 cxd4 6. Nxd4 Nxd4 7. Qxd4 g6 8.
Bd3 Bg7 9. Bd2 O-O 10. O-O Nh5 11. Qe3 d6 12. Rab1 Be6 13. b3 a6 14. f4 f5 15.
Ne2 fxe4 16. Bxe4 Rb8 17. Bc3 d5 18. Bxg7 Kxg7 19. Qd4+ Nf6 20. cxd5 Bg4 21. Ng3
Bd7 22. f5 Bb5 23. Rfd1 Kg8 24. fxg6 hxg6 25. Bxg6 Be8 26. Bf5 Bd7 27. Qh4 Bxf5
28. Nxf5 Qb6+ 29. Kh1 Kf7 30. d6 Rh8 31. Qc4+ Kg6 32. Nxe7+ Kg7 33. Qc3 Kf7 34.
Qf3 Qd8 35. Rbc1 1-0

[Event "Challenge"]
[Site "http://www.queenalice.com/game.php?id=904419"]
[Date "2011.2.23"]
[Round "-"]
[White "Einstein"]
[Black "JAYMAC10"]
[Result "1-0"]
[WhiteElo "1993"]
[BlackElo "1793"]

1. e4 e5 2. Nf3 d6 3. Bc4 Nf6 4. Nc3 Be7 5. O-O O-O 6. d4 Bg4 7. dxe5 dxe5 8.
Qxd8 Rxd8 9. Nxe5 Bh5 10. Nb5 Bd6 11. Nxd6 cxd6 12. Nd3 Nxe4 13. Bd5 Be2 14. Re1
Bxd3 15. cxd3 Nc5 16. Bg5 Rc8 17. d4 Nd3 18. Re3 Nb4 19. Bxb7 Nc2 20. Bxc8 Nxe3
21. Bb7 Nc2 22. Rc1 f6 23. Be3 Nxe3 24. fxe3 Nd7 25. Bxa8 Nb6 26. e4 Nxa8 27.
Rc8+ Kf7 28. Rxa8 Kg6 29. Rxa7 h5 30. b4 1-0

[Event "Challenge"]
[Site "http://www.queenalice.com/game.php?id=904420"]
[Date "2011.2.23"]
[Round "-"]
[White "JAYMAC10"]
[Black "Einstein"]
[Result "0-1"]
[WhiteElo "1823"]
[BlackElo "1965"]

1. d4 d5 2. Nf3 Nf6 3. e3 e6 4. Be2 c5 5. O-O Bd6 6. Bb5+ Bd7 7. Bxd7+ Nbxd7 8.
c3 O-O 9. Na3 a6 10. c4 b6 11. cxd5 exd5 12. dxc5 bxc5 13. Nh4 Qc7 14. f4 c4 15.
b3 c3 16. Qg4 Nxg4 0-1